Practical systems of Book-keeping and accountancy (Record no. 89074)

MARC details
000 -LEADER
fixed length control field 00522nam a2200193Ia 4500
008 - FIXED-LENGTH DATA ELEMENTS--GENERAL INFORMATION
fixed length control field 230125s9999 xx 000 0 und d
041 ## - LANGUAGE CODE
Language code of text/sound track or separate title eng
082 ## - DEWEY DECIMAL CLASSIFICATION NUMBER
Classification number 657.0202
Item number WAN OKE
100 ## - MAIN ENTRY--PERSONAL NAME
Personal name Wani S D
9 (RLIN) 112126
245 ## - TITLE STATEMENT
Title Practical systems of Book-keeping and accountancy
250 ## - EDITION STATEMENT
Edition statement 3rd ed
260 ## - PUBLICATION, DISTRIBUTION, ETC. (IMPRINT)
Date of publication, distribution, etc. 1995
Name of publisher, distributor, etc. Pragati publications
Place of publication, distribution, etc. Pune
300 ## - PHYSICAL DESCRIPTION
Extent 300p
500 ## - GENERAL NOTE
Keywords Book keeping
500 ## - GENERAL NOTE
Keywords Book-keeping
650 ## - SUBJECT ADDED ENTRY--TOPICAL TERM
Topical term or geographic name as entry element Accounting
700 ## - ADDED ENTRY--PERSONAL NAME
Personal name Wani S D; Oke S R & Pandit G V
9 (RLIN) 112127
Holdings
Withdrawn status Lost status Damaged status Not for loan Home library Current library Date acquired Vendor Cost, normal purchase price Full call number Barcode Date last seen Cost, replacement price Bill Date Koha item type Original Barcode
Withdrawn 2022-23       Smt. Hiraben Nanavati Institute of Management & Research for Women Smt. Hiraben Nanavati Institute of Management & Research for Women 29/09/1997 Pradeep Book Depot 50.00 657.0202 WAN/OKE B00421 HIMR-BK-421 25/01/2023 50.00 29/09/1997 Books B00421